[Event "CAN-ch U16"]
[Site "Quebec"]
[Date "2018.07.05"]
[Round "7.19"]
[White "Lehingrat, Callum"]
[Black "Sivapathasundaram, Manojh"]
[Result "1/2-1/2"]
[WhiteElo "1953"]
[BlackElo "1825"]
[PlyCount "34"]
[EventDate "2018.07.02"]
[EventType "swiss"]
[EventRounds "7"]
[EventCountry "CAN"]
[SourceTitle "EXT 2022"]
[Source "ChessBase"]
[SourceDate "2021.10.06"]
[SourceVersion "1"]
[SourceVersionDate "2021.10.06"]
[SourceQuality "1"]

1. d4 Nf6 2. c4 g6 3. Nc3 d5 4. cxd5 Nxd5 5. e4 Nxc3 6. bxc3 Bg7 7. Bc4 0-0 8. Ne2 c5 9. 0-0 cxd4 10. cxd4 Nc6 11. Be3 Na5 12. Bd3 Nc6 13. Bc2 b6 14. d5 Nb4 15. Bb3 Ba6 16. Rc1 Nd3 17. Rc6 Ne5 1/2-1/2

[Event "Scarborough CC Falling Leaves"]
[Site "Toronto"]
[Date "2017.12.07"]
[Round "6.6"]
[White "Ning, Eric"]
[Black "Sivapathasundaram, Manojh"]
[Result "1-0"]
[WhiteElo "1969"]
[BlackElo "1848"]
[PlyCount "99"]
[EventDate "2017.11.02"]
[EventType "swiss"]
[EventRounds "7"]
[EventCountry "CAN"]
[SourceTitle "EXT 2022"]
[Source "ChessBase"]
[SourceDate "2021.10.06"]
[SourceVersion "1"]
[SourceVersionDate "2021.10.06"]
[SourceQuality "1"]

1. d4 Nf6 2. c4 g6 3. Nc3 d5 4. cxd5 Nxd5 5. e4 Nxc3 6. bxc3 Bg7 7. Bc4 c5 8. Ne2 cxd4 9. cxd4 Nc6 10. Be3 Qa5+ 11. Bd2 Qc7 12. Rc1 Qb6 13. Bc3 0-0 14. 0-0 Rd8 15. d5 Ne5 16. Bb3 Bg4 17. h3 Bxe2 18. Qxe2 Rac8 19. Qd2 a6 20. Ba5 Bh6 21. Bxb6 Bxd2 22. Rcd1 Rd6 23. Bd4 Bf4 24. Bb2 Nc4 25. Bc1 Be5 26. f4 Bg7 27. e5 Rd7 28. Rf2 Na5 29. Rc2 Rcd8 30. Rcd2 Nxb3 31. axb3 g5 32. g3 Rc8 33. Rd3 e6 34. d6 Rc2 35. Be3 f5 36. R1d2 Rc1+ 37. Kg2 Kf7 38. Rb2 Rc6 39. Rdd2 Rd8 40. Rbc2 Ke8 41. Rxc6 bxc6 42. Bb6 Rd7 43. Rc2 Rb7 44. Rxc6 Kd7 45. Rc7+ Rxc7 46. Bxc7 Bh6 47. Kf3 Bg7 48. Ba5 h5 49. Bc3 h4 50. fxg5 1-0

[Event "Scarborough CC Howard Ridout"]
[Site "Toronto"]
[Date "2017.10.19"]
[Round "6.7"]
[White "Qiao, Cindy"]
[Black "Sivapathasundaram, Manojh"]
[Result "1-0"]
[WhiteElo "1887"]
[BlackElo "1837"]
[PlyCount "61"]
[EventDate "2017.09.14"]
[EventType "swiss"]
[EventRounds "7"]
[EventCountry "CAN"]
[SourceTitle "EXT 2022"]
[Source "ChessBase"]
[SourceDate "2021.10.06"]
[SourceVersion "1"]
[SourceVersionDate "2021.10.06"]
[SourceQuality "1"]

1. e4 c5 2. Nf3 d6 3. d4 cxd4 4. Qxd4 Nc6 5. Bb5 Qa5+ 6. Nc3 Qxb5 7. Nxb5 Nxd4 8. Nfxd4 Kd8 9. Be3 Nf6 10. f3 a6 11. Na3 Be6 12. Rd1 g6 13. c4 Rc8 14. c5 Kc7 15. cxd6+ exd6 16. Rc1+ Kd7 17. 0-0 Rxc1 18. Rxc1 Be7 19. Nxe6 fxe6 20. Nc4 Rb8 21. Ba7 Rd8 22. Nb6+ Ke8 23. Rc7 d5 24. exd5 Nxd5 25. Nxd5 Rxd5 26. Rxb7 Rd1+ 27. Kf2 Rd2+ 28. Kf1 Bf6 29. Rb6 Rxb2 30. Rxe6+ Kf7 31. Rxf6+ 1-0

[Event "Windsor NAYCC U14"]
[Site "Windsor"]
[Date "2016.08.11"]
[Round "8.72"]
[White "Atanasov, David"]
[Black "Sivapathasundaram, Manojh"]
[Result "1/2-1/2"]
[WhiteElo "1518"]
[BlackElo "1552"]
[PlyCount "38"]
[EventDate "2016.08.07"]
[EventType "swiss"]
[EventRounds "9"]
[EventCountry "CAN"]
[SourceTitle "EXT 2022"]
[Source "ChessBase"]
[SourceDate "2021.10.06"]
[SourceVersion "1"]
[SourceVersionDate "2021.10.06"]
[SourceQuality "1"]

1. d4 Nf6 2. c4 g6 3. Nc3 Bg7 4. Nf3 0-0 5. Bf4 d6 6. h3 Bf5 7. e3 c5 8. Qb3 cxd4 9. exd4 Qc8 10. Be2 Nc6 11. Rd1 b6 12. Na4 d5 13. c5 Na5 14. Qc3 Ne4 15. Qc1 Bd7 16. Qc2 bxc5 17. dxc5 Bxa4 18. Qxa4 Qxc5 19. Be3 d4 1/2-1/2

[Event "Windsor NAYCC U14"]
[Site "Windsor"]
[Date "2016.08.09"]
[Round "5.73"]
[White "Surya, Benito"]
[Black "Sivapathasundaram, Manojh"]
[Result "1/2-1/2"]
[WhiteElo "1814"]
[BlackElo "1552"]
[PlyCount "55"]
[EventDate "2016.08.07"]
[EventType "swiss"]
[EventRounds "9"]
[EventCountry "CAN"]
[SourceTitle "EXT 2022"]
[Source "ChessBase"]
[SourceDate "2021.10.06"]
[SourceVersion "1"]
[SourceVersionDate "2021.10.06"]
[SourceQuality "1"]

1. e4 c5 2. Nf3 d6 3. d4 cxd4 4. Nxd4 Nf6 5. Nc3 g6 6. Be3 Bg7 7. f3 0-0 8. Qd2 Nc6 9. 0-0-0 d5 10. exd5 Nxd5 11. Nxc6 bxc6 12. Bd4 Qc7 13. h4 Bxd4 14. Qxd4 Rd8 15. Bc4 e5 16. Qd2 Be6 17. Bb3 Nf4 18. Qf2 Bxb3 19. axb3 Qb6 20. Qxb6 axb6 21. Rxd8+ Rxd8 22. g3 Nd5 23. Rd1 Kf8 24. Na4 b5 25. c4 bxa4 26. bxa4 Ra8 27. cxd5 Rxa4 28. dxc6 1/2-1/2

[Event "Canadian op"]
[Site "Windsor"]
[Date "2016.07.12"]
[Round "3"]
[White "Vettese, Nicholas"]
[Black "Sivapathasundaram, Manojh"]
[Result "1-0"]
[WhiteElo "2147"]
[BlackElo "1559"]
[PlyCount "91"]
[EventDate "2016.07.10"]
[EventType "swiss"]
[EventRounds "9"]
[EventCountry "CAN"]
[SourceTitle "EXT 2017"]
[Source "ChessBase"]
[SourceDate "2016.10.25"]
[SourceVersion "1"]
[SourceVersionDate "2016.10.25"]
[SourceQuality "1"]

1. e4 c5 2. Nf3 d6 3. d4 cxd4 4. Nxd4 Nf6 5. Nc3 g6 6. Be3 Bg7 7. f3 0-0 8. Qd2 Nc6 9. g4 Nxd4 10. Bxd4 Be6 11. 0-0-0 Qa5 12. Kb1 b5 13. Nd5 Qxd2 14. Nxe7+ Kh8 15. Rxd2 Rfe8 16. Bxf6 Bxf6 17. Nd5 Bg5 18. Rd1 Rab8 19. Nc7 Re7 20. Nxe6 Rxe6 21. Rd5 Bf6 22. Rxb5 Rxb5 23. Bxb5 d5 24. Bd3 dxe4 25. Bxe4 Kg7 26. c4 Kf8 27. c5 Ke7 28. Rd1 Be5 29. h3 Bf4 30. b4 Be5 31. Kc2 Bf4 32. Kc3 Be3 33. Kc4 Bf4 34. a4 Bc7 35. b5 Ba5 36. Bc6 Kf8 37. Rd7 Re7 38. Kd5 h6 39. Rb7 Bc3 40. Rxe7 Kxe7 41. b6 axb6 42. cxb6 Kd8 43. Bb7 Kd7 44. Kc5 h5 45. gxh5 gxh5 46. Kb5 1-0

[Event "CAN-ch U14"]
[Site "Windsor"]
[Date "2016.07.08"]
[Round "7.23"]
[White "Sivapathasundaram, Manojh"]
[Black "Cai, Jason"]
[Result "1/2-1/2"]
[WhiteElo "1937"]
[BlackElo "2185"]
[PlyCount "68"]
[EventDate "2016.07.05"]
[EventType "swiss"]
[EventRounds "7"]
[EventCountry "CAN"]
[SourceTitle "EXT 2022"]
[Source "ChessBase"]
[SourceDate "2021.10.06"]
[SourceVersion "1"]
[SourceVersionDate "2021.10.06"]
[SourceQuality "1"]

1. d4 Nf6 2. c4 e6 3. Nc3 Bb4 4. e3 0-0 5. Bd3 d5 6. Nf3 c5 7. 0-0 cxd4 8. exd4 dxc4 9. Bxc4 b6 10. Bg5 Bb7 11. Re1 Nbd7 12. Rc1 Rc8 13. Qb3 Bxc3 14. Rxc3 Bd5 15. Ne5 Bxc4 16. Rxc4 Rxc4 17. Qxc4 h6 18. Nxd7 Qxd7 19. Bxf6 gxf6 20. Rd1 Rd8 21. h3 Qd5 22. Qxd5 Rxd5 23. Kf1 e5 24. Ke2 exd4 25. Kd3 Kf8 26. Ke4 Re5+ 27. Kf3 Rf5+ 28. Ke2 Rd5 29. Rd2 Ke7 30. Kd3 Kd6 31. a4 a6 32. g4 Ra5 33. b3 Rd5 34. Ke4 Re5+ 1/2-1/2

[Event "CAN-ch U14"]
[Site "Windsor"]
[Date "2016.07.06"]
[Round "3.24"]
[White "Sivapathasundaram, Manojh"]
[Black "Doknjas, Joshua"]
[Result "0-1"]
[WhiteElo "1937"]
[BlackElo "2201"]
[PlyCount "64"]
[EventDate "2016.07.05"]
[EventType "swiss"]
[EventRounds "7"]
[EventCountry "CAN"]
[SourceTitle "EXT 2022"]
[Source "ChessBase"]
[SourceDate "2021.10.06"]
[SourceVersion "1"]
[SourceVersionDate "2021.10.06"]
[SourceQuality "1"]

1. d4 d5 2. c4 c6 3. Nc3 Nf6 4. Nf3 dxc4 5. a4 Bf5 6. e3 e6 7. Bxc4 Bb4 8. 0-0 0-0 9. Qe2 Bg4 10. h3 Bh5 11. Rd1 Nbd7 12. e4 Qe7 13. e5 Nd5 14. Ne4 h6 15. Bd3 Bg6 16. Ng3 Bxd3 17. Rxd3 c5 18. Nh2 c4 19. Rf3 c3 20. Nh5 cxb2 21. Bxb2 g6 22. Nf4 Nxf4 23. Rxf4 Rac8 24. Ng4 Kh7 25. Nf6+ Nxf6 26. Rxf6 Rc7 27. Qe3 Rd8 28. Bc1 Qf8 29. Ba3 Bxa3 30. Rxa3 Rxd4 31. Qxd4 Qxa3 32. Qxa7 Qa1+ 0-1

[Event "CAN-ch U14"]
[Site "Windsor"]
[Date "2016.07.06"]
[Round "2.25"]
[White "Zhang, Henry"]
[Black "Sivapathasundaram, Manojh"]
[Result "1/2-1/2"]
[WhiteElo "2113"]
[BlackElo "1776"]
[PlyCount "48"]
[EventDate "2016.07.05"]
[EventType "swiss"]
[EventRounds "7"]
[EventCountry "CAN"]
[SourceTitle "EXT 2022"]
[Source "ChessBase"]
[SourceDate "2021.10.06"]
[SourceVersion "1"]
[SourceVersionDate "2021.10.06"]
[SourceQuality "1"]

1. e4 c5 2. Nf3 d6 3. d4 cxd4 4. Qxd4 a6 5. c4 Nc6 6. Qe3 g6 7. h3 Bh6 8. Qc3 Qa5 9. Bxh6 Nxh6 10. Be2 Qxc3+ 11. Nxc3 e6 12. 0-0 f6 13. a3 Nf7 14. Rfd1 Rb8 15. Rac1 Bd7 16. b4 Ke7 17. Rd2 Nfe5 18. Rcd1 Nxf3+ 19. Bxf3 e5 20. c5 Nd4 21. cxd6+ Kf7 22. Rd3 Rbc8 23. Kh2 Rhd8 24. Re3 Be6 1/2-1/2

[Event "CAN-ch U12"]
[Site "Windsor"]
[Date "2015.07.07"]
[Round "2.53"]
[White "Talukdar, Rohan Shyam"]
[Black "Sivapathasundaram, Manojh"]
[Result "1-0"]
[WhiteElo "2133"]
[BlackElo "1540"]
[PlyCount "55"]
[EventDate "2015.07.06"]
[EventType "swiss"]
[EventRounds "7"]
[EventCountry "CAN"]
[SourceTitle "EXT 2022"]
[Source "ChessBase"]
[SourceDate "2021.10.06"]
[SourceVersion "1"]
[SourceVersionDate "2021.10.06"]
[SourceQuality "1"]

1. e4 c5 2. Nc3 a6 3. f4 Nc6 4. Nf3 e6 5. g3 d6 6. Bg2 Nf6 7. 0-0 Be7 8. d3 0-0 9. Ne2 d5 10. e5 Nd7 11. d4 Qb6 12. c3 Qc7 13. Be3 Qb6 14. b3 f6 15. Qd2 Nd8 16. g4 Nf7 17. Ng3 Re8 18. Kh1 Nh6 19. h3 Nf7 20. Qf2 Qc7 21. Rae1 c4 22. b4 b5 23. f5 exf5 24. e6 f4 25. exf7+ Kxf7 26. Bxf4 Qxf4 27. Ne5+ fxe5 28. Bxd5+ 1-0

[Event "Toronto NAYCC U10"]
[Site "Toronto"]
[Date "2013.08.17"]
[Round "7"]
[White "Sivapathasundaram, Manojh"]
[Black "Landa, Tamir"]
[Result "1-0"]
[WhiteElo "1253"]
[BlackElo "833"]
[PlyCount "112"]
[EventDate "2013.08.14"]
[EventType "swiss"]
[EventRounds "9"]
[EventCountry "CAN"]
[SourceTitle "EXT 2022"]
[Source "ChessBase"]
[SourceDate "2021.10.06"]
[SourceVersion "1"]
[SourceVersionDate "2021.10.06"]
[SourceQuality "1"]

1. e4 c5 2. Nf3 Nc6 3. d4 cxd4 4. Nxd4 g6 5. Nc3 Bg7 6. Nxc6 bxc6 7. Bd2 d6 8. Bc4 Nf6 9. 0-0 0-0 10. Bb3 Ba6 11. Re1 Re8 12. Bg5 Qc7 13. h3 Rab8 14. Qd2 Nd7 15. Bh6 Ne5 16. Bxg7 Kxg7 17. f4 Nc4 18. Qd4+ e5 19. fxe5 Nxe5 20. Rad1 Rbd8 21. Qe3 c5 22. Nd5 Qb7 23. Qf2 Kg8 24. Nf6+ Kg7 25. Nxe8+ Rxe8 26. Rxd6 c4 27. Qf6+ Kg8 28. Ba4 Bb5 29. Bxb5 Qxb5 30. Rd8 Qc5+ 31. Kh1 Rxd8 32. Qxd8+ Qf8 33. Qxf8+ Kxf8 34. Kg1 Ke7 35. Kf2 Kd6 36. Ke3 Kc5 37. Rd1 f6 38. Rd5+ Kb4 39. a3+ Ka4 40. Rd6 a5 41. Rxf6 c3 42. bxc3 Nc4+ 43. Kd4 Nxa3 44. Rf4 Nxc2+ 45. Kd3 Ne1+ 46. Kd2 Nxg2 47. Rg4 Kb5 48. Rxg2 h5 49. Kd3 Kc6 50. Kd4 Kd6 51. e5+ Ke6 52. c4 a4 53. c5 a3 54. c6 a2 55. Rxa2 h4 56. Ra6 Ke7 1-0